000 00606nam a2200181Ia 4500
008 130821s1982 cl gr spa
040 _aCo-BoUCM
_bspa
041 0 0 _aspa
245 0 0 _aControversia en la región del canal Beagle laudo arbitral
250 _a2a. ed.
260 _aSantiago de Chile (Chile)
_bJurídica de Chile
_c1982
300 _a413 páginas
650 0 4 _aArbitramento internacional
_99307
651 7 _aArgentina
_xLimites
_zChile
_9442
651 7 _aChile
_xLimites
_zArgentina
_926603
942 _cLIBRO
_a6
_e2
_mC65
_2DEWEY
_h327.8200984
999 _c61252
_d61252